| 000 | 00673nam a2200241Ia 4500 | ||
|---|---|---|---|
| 003 | OSt | ||
| 005 | 20220928104735.0 | ||
| 006 | a|||||r|||| 00| 0 | ||
| 007 | ta | ||
| 008 | 220927b |||||||| |||| 00| 0 eng d | ||
| 024 | _a121555 | ||
| 037 | _cTextual | ||
| 040 |
_aSDCL _cSDCL _beng |
||
| 041 |
_2eng _aeng |
||
| 082 | _aNB,7.43'N7, L4 | ||
| 100 |
_aJakobson Leo _9411781 |
||
| 245 | 0 |
_aMetropolitan growth _b Public policy for South and Southeast Asia |
|
| 260 |
_aLondon _bJohn Walley _c1974 |
||
| 300 |
_a301p _ccm. |
||
| 700 | _a Ved Prakash | ||
| 942 |
_hNB,7.43'N7, L4 _cTEXL _2CC |
||
| 999 |
_c727491 _d727491 |
||